Coastal European Countries Quiz Stats

 Plays Quiz Updated Jul 14, 2016

Challenge
Share
Tweet
Embed
Score 0/32 Timer 04:00
1 Play Today
% Correct
Russia
94.4%
Norway
94.3%
Finland
94.1%
Iceland
93.5%
Ireland
93.5%
Italy
93.4%
France
93.3%
Sweden
93.2%
Greece
93.1%
Denmark
93%
Spain
92.7%
Portugal
92.6%
Cyprus
91.9%
Netherlands
91.8%
United Kingdom
91.4%
Turkey
90.5%
% Correct
Malta
89.7%
Germany
89.2%
Belgium
87.3%
Monaco
86.6%
Estonia
86.2%
Croatia
85.9%
Latvia
83.8%
Poland
80.9%
Lithuania
80.6%
Albania
79.3%
Bulgaria
72.1%
Montenegro
70.2%
Bosnia and Herzegovina
69.9%
Ukraine
66.4%
Slovenia
66.3%
Romania
64.2%

You're not logged in!

Compare scores with friends on all Sporcle quizzes.
Join for Free
OR
Log In

You Might Also Like...

Show Comments

Extras

Top Quizzes Today


Score Distribution

Your Account Isn't Verified!

In order to create a playlist on Sporcle, you need to verify the email address you used during registration. Go to your Sporcle Settings to finish the process.

Report this User

Report this user for behavior that violates our Community Guidelines.

Details: